Engineering Management in Production and Services
Enregistré dans:
| Format: | Publication en série |
|---|---|
| Langue: | anglais |
| Publié: |
Kleosin
Bialystok University of Technology
|
| Tags: |
Pas de tags, Soyez le premier à ajouter un tag!
|
MARC
| LEADER | 00000nas1a2200000 4500 | ||
|---|---|---|---|
| 001 | 0259261 | ||
| 005 | 20250701092116.4 | ||
| 022 | |a 2543-6597 | ||
| 022 | |a 2543-912X | ||
| 041 | 0 | |a eng | |
| 044 | |a PL | ||
| 245 | 1 | 0 | |a Engineering Management in Production and Services |
| 264 | 1 | |a Kleosin |b Bialystok University of Technology | |